Výskum a aplikácia vybraných systémových metód a prístupov na problémy rozvoja riadenia (managementu) strojárskych podnikov : Súbor prác. Habilitačná práca /
Uložené v:
| Hlavný autor: | |
|---|---|
| Médium: | Kniha |
| Jazyk: | Slovak |
| Vydavateľské údaje: |
Trnava :
STU v Bratislave MTF,
1992
|
| Predmet: | |
| Tagy: |
Žiadne tagy, Buďte prvý, kto otaguje tento záznam!
|
MARC
| LEADER | 00000nam a22000003a 4500 | ||
|---|---|---|---|
| 001 | stu45697 | ||
| 005 | 20150617225715.6 | ||
| 008 | 970303s1992----cs------------------slo-d | ||
| 040 | |a STU |b slo | ||
| 041 | 0 | |a slo | |
| 044 | |a cs | ||
| 080 | |a 658.5 | ||
| 080 | |a 621(043.5) |7 stu_us_auth*stu1662 | ||
| 100 | 1 | |a Sakál, Peter, |d 1951- |4 aut |u M4000 |U MTF Materiálovotechnologická fakulta |T MTF Ústav priemyselného inžinierstva a manažmentu |X 325 |U M4000 |Y 84 |7 A000000325 | |
| 245 | 1 | |a Výskum a aplikácia vybraných systémových metód a prístupov na problémy rozvoja riadenia (managementu) strojárskych podnikov : |b Súbor prác. Habilitačná práca / |c [aut.]Ing.CSc.Peter Sakál | |
| 260 | |a Trnava : |b STU v Bratislave MTF, |c 1992 | ||
| 300 | |a 265 s | ||
| 650 | 7 | |a Management |2 estusub | |
| 650 | 7 | |a podniky strojárske |2 stusub | |
| 650 | 7 | |a práce habilitačné |2 stusub | |
| 996 | |b . |c M* HP-97 |l MMSKP |s P |a 0 |w stu45697_0002 | ||